00205nam a2200097Ia 4500008004100000041000800041100001500049245002600064260000900090300000800099240521s1999 xx 000 0 und d aeng aDICKENS C. aA TALE OF TWO CITIES. c1999 a201